| 000 | 00685nam a2200229 a 4500 | ||
|---|---|---|---|
| 001 | BRCA_6698 | ||
| 005 | 20190320205547.0 | ||
| 008 | 171011s1914----gw-a######---#000-0#ger-# | ||
| 041 | _ager | ||
| 044 | _agw | ||
| 050 | 4 |
_aNE654 _b.Ch6 L36 _c1914 |
|
| 245 | 1 | 0 |
_aChodowiecki´s Illustrationen zu den deutschen Klassikern _cHerausgegeben von Paul Landau |
| 260 |
_aBerlin _bJ. Bard _c1914 |
||
| 300 |
_a16 p. _bil. (48 laminas) _c18 cm. |
||
| 440 | 0 |
_aBards bucher der Kunst _v5 _916744 |
|
| 500 | _aI79 | ||
| 650 | 1 | 4 |
_aChodowiecki, Daniel Nikolaus _y1726-1801 _916745 |
| 650 | 1 | 4 |
_aGrabados alemanes _916746 |
| 700 | 1 |
_aLandau, Paul _eEditor _916747 |
|
| 902 | _aGFM | ||
| 942 |
_2lcc _cB |
||
| 999 |
_c6381 _d6381 |
||